<?xml version="1.0" encoding="UTF-8"?>
<record
    xmlns:xsi="http://www.w3.org/2001/XMLSchema-instance"
    xsi:schemaLocation="http://www.loc.gov/MARC21/slim http://www.loc.gov/standards/marcxml/schema/MARC21slim.xsd"
    xmlns="http://www.loc.gov/MARC21/slim">

  <leader>00383nam a22001217a 4500</leader>
  <datafield tag="040" ind1=" " ind2=" ">
    <subfield code="c">HS</subfield>
  </datafield>
  <datafield tag="082" ind1=" " ind2=" ">
    <subfield code="a">658</subfield>
  </datafield>
  <datafield tag="100" ind1=" " ind2=" ">
    <subfield code="a">&#x179F;&#x17BB;&#x1780; &#x1782;&#x1793;&#x17D2;&#x1792;&#x17B8;</subfield>
  </datafield>
  <datafield tag="245" ind1=" " ind2=" ">
    <subfield code="a">&#x17AF;&#x1780;&#x179F;&#x17B6;&#x179A;&#x1794;&#x178E;&#x17D2;&#x178F;&#x17BB;&#x17C7;&#x1794;&#x178E;&#x17D2;&#x178F;&#x17B6;&#x179B;&#x179F;&#x17D2;&#x178F;&#x17B8;&#x1796;&#x17B8;&#x1780;&#x17B6;&#x179A;&#x1782;&#x17D2;&#x179A;&#x1794;&#x17CB;&#x1782;&#x17D2;&#x179A;&#x1784;&#x1782;&#x17C6;&#x179A;&#x17C4;&#x1784;</subfield>
  </datafield>
  <datafield tag="260" ind1=" " ind2=" ">
    <subfield code="a">&#x1797;&#x17D2;&#x1793;&#x17C6;&#x1796;&#x17C1;&#x1789;</subfield>
    <subfield code="b">&#x179F;&#x17BB;&#x1780; &#x1782;&#x1793;&#x17D2;&#x1792;&#x17B8;</subfield>
    <subfield code="c">2010</subfield>
  </datafield>
  <datafield tag="300" ind1=" " ind2=" ">
    <subfield code="a">105p;</subfield>
  </datafield>
  <datafield tag="942" ind1=" " ind2=" ">
    <subfield code="c">KB</subfield>
  </datafield>
  <datafield tag="999" ind1=" " ind2=" ">
    <subfield code="c">9849</subfield>
    <subfield code="d">9849</subfield>
  </datafield>
  <datafield tag="952" ind1=" " ind2=" ">
    <subfield code="0">0</subfield>
    <subfield code="1">0</subfield>
    <subfield code="4">0</subfield>
    <subfield code="6">658_000000000000000_&#x179F;&#x17BB;&#x1780;_2010_C235</subfield>
    <subfield code="7">0</subfield>
    <subfield code="9">52034</subfield>
    <subfield code="a">LBC</subfield>
    <subfield code="b">LBC</subfield>
    <subfield code="c">C235</subfield>
    <subfield code="d">2016-09-14</subfield>
    <subfield code="o">658 &#x179F;&#x17BB;&#x1780;&#x200B; 2010 C235</subfield>
    <subfield code="p">RUA44255</subfield>
    <subfield code="r">2016-09-14</subfield>
    <subfield code="y">KB</subfield>
  </datafield>
  <datafield tag="952" ind1=" " ind2=" ">
    <subfield code="0">0</subfield>
    <subfield code="1">0</subfield>
    <subfield code="4">0</subfield>
    <subfield code="6">658_000000000000000_&#x179F;&#x17BB;&#x1780;_2010_C235</subfield>
    <subfield code="7">0</subfield>
    <subfield code="9">52035</subfield>
    <subfield code="a">LBC</subfield>
    <subfield code="b">LBC</subfield>
    <subfield code="c">C235</subfield>
    <subfield code="d">2016-09-14</subfield>
    <subfield code="o">658 &#x179F;&#x17BB;&#x1780;&#x200B; 2010 C235</subfield>
    <subfield code="p">A01540</subfield>
    <subfield code="r">2016-09-14</subfield>
    <subfield code="y">KB</subfield>
  </datafield>
</record>
